UBT Library

Physical examination & health assessment / (Record no. 40965)

000 -LEADER
fixed length control field 00857cam a22003017a 4500
001 - CONTROL NUMBER
control field 14978369
005 - DATE AND TIME OF LATEST TRANSACTION
control field 20180125085055.0
008 - FIXED-LENGTH DATA ELEMENTS--GENERAL INFORMATION
fixed length control field 070824s2008 paua 000 0 eng
010 ## - LIBRARY OF CONGRESS CONTROL NUMBER
LC control number 2007936010
015 ## - NATIONAL BIBLIOGRAPHY NUMBER
National bibliography number GBA784310
Source bnb
016 7# - NATIONAL BIBLIOGRAPHIC AGENCY CONTROL NUMBER
Record control number 014100959
Source Uk
020 ## - INTERNATIONAL STANDARD BOOK NUMBER
International Standard Book Number 9781416038542 (pbk.)
020 ## - INTERNATIONAL STANDARD BOOK NUMBER
International Standard Book Number 141603854X (pbk.)
035 ## - SYSTEM CONTROL NUMBER
System control number (OCoLC)ocn191890004
040 ## - CATALOGING SOURCE
Original cataloging agency UKM
Transcribing agency UKM
Modifying agency DLC
041 ## - LANGUAGE CODE
Language code of text/sound track or separate title eng
042 ## - AUTHENTICATION CODE
Authentication code ukblcatcopy
-- lccopycat
080 ## - UNIVERSAL DECIMAL CLASSIFICATION NUMBER
Universal Decimal Classification number 616.0754 jav
082 04 - DEWEY DECIMAL CLASSIFICATION NUMBER
Classification number 616.0754 jav
Edition number 22
100 1# - Rafti
Rafti 8
101 ## - Shkurtesa
Shkurtesa ekz
245 10 - TITLE STATEMENT
Title Physical examination & health assessment /
Statement of responsibility, etc Carolyn Jarvis.
246 3# - VARYING FORM OF TITLE
Title proper/short title Physical examination and health assessment
906 ## - LOCAL DATA ELEMENT F, LDF (RLIN)
a 7
b cbc
c copycat
d 2
e ncip
f 20
g y-gencatlg
942 ## - ADDED ENTRY ELEMENTS (KOHA)
Source of classification or shelving scheme
Item type Books
Holdings
Withdrawn status Lost status Source of classification or shelving scheme Damaged status Not for loan Collection code Permanent location Current location Shelving location Date acquired Total Checkouts Full call number Barcode Date last seen Price effective from Koha item type
          Koleksioni i përgjithshem UBT - Lipjan UBT - Lipjan Koleksioni i përgjithshem 01/25/2018   616.0754 jav 002-2996435 01/25/2018 01/25/2018 Books
UBT Library © 2015-2024. All rights reserved University Education for Business and Technology